|
|
|
|
| LEADER |
00000nab a2200000 4500 |
| 001 |
vtls011740609 |
| 003 |
SK-MaSNL |
| 005 |
20260303082437.0 |
| 008 |
180207c20180206xo dr|p||| |0 b|slo |
| 038 |
|
|
|a KEVKJB
|
| 040 |
|
|
|a KEVKJB
|b slo
|c KEVKJB
|e rda
|
| 041 |
0 |
|
|a slo
|
| 044 |
|
|
|a xo
|c SK
|
| 080 |
|
|
|a 792
|2 2011
|
| 245 |
0 |
0 |
|a V Košiciach pripravujú činohru Znovuzjednotenie Kóreí
|c (tasr)
|
| 300 |
|
|
|b Fotografie
|
| 336 |
|
|
|a text
|b txt
|2 rdacontent
|
| 337 |
|
|
|a bez média
|b n
|2 rdamedia
|
| 338 |
|
|
|a zväzok
|b nc
|2 rdacarrier
|
| 600 |
1 |
7 |
|a Pommerat, Joël,
|d 1963-
|t Znovuzjednotenie Kóreí
|2 kevkjb
|9 1087360
|
| 610 |
2 |
7 |
|a Štátne divadlo Košice.
|b Činohra
|2 kevkjb
|9 125502
|
| 651 |
|
7 |
|a Košice (Slovensko)
|2 kevkjb
|9 18694
|
| 773 |
0 |
|
|t Korzár
|g Roč. XXI., č. 30 (6.2.2018), s. 9
|x 2585-7355
|
| 852 |
|
|
|a KEVKJB
|b KIS3GCP
|
| 856 |
4 |
1 |
|u https://kosice.korzar.sme.sk/c/20752516/v-kosiciach-pripravuju-znovuzjednotenie-korei.html
|
| 958 |
|
|
|a FR
|
| 958 |
|
|
|a BC
|
| 999 |
|
|
|c 1787985
|d 1789915
|